| 000 | 00368nam a2200121Ia 4500 | ||
|---|---|---|---|
| 005 | 20260326100032.0 | ||
| 008 | 260326s9999||||xx |||||||||||||| ||und|| | ||
| 100 | _aUnesco | ||
| 245 | 0 |
_aConvenciones y Recomendaciones de la Unesco sobre la protección del Patrimonio Cultural / _cUnesco |
|
| 260 | _bPNUD / UNESCO | ||
| 650 | _aRESATURACIÓN Y CONSERVACIÓN | ||
| 942 | _cBK | ||
| 999 |
_c6637 _d6637 |
||